000 00554nam a2200181Ia 4500
003 Ost
005 20260507075113.0
008 260507s9999||||xx |||||||||||||| ||und||
040 _cfsecg
041 _aara
082 _a330
100 _aالغريب، محمد سليمان
_eمؤلف
245 0 _aالاحتكار والمنافسة غير المشروعة /
_c محمد سليمان الغريب
260 _aالقاهرة:
_bدار النهضة العربية,
_c2004
300 _a صفحة؛
653 _aاحتكار
942 _cكتاب
999 _c42949
_d42949